Curriculum for Utopia : social reconstructionism and critical pedagogy in the postmodern era

Αποθηκεύτηκε σε:
Λεπτομέρειες βιβλιογραφικής εγγραφής
Κύριος συγγραφέας: Stanley, William B.
Μορφή: Βιβλίο
Γλώσσα:English
Δημοσίευση: New York : State University of New York Press, c1992
Σειρά:SUNY series in teacher empowerment and school reform
Θέματα:
Ετικέτες: Προσθήκη ετικέτας
Δεν υπάρχουν, Καταχωρήστε ετικέτα πρώτοι!

MARC

LEADER 00000nam a2200000 i 4500
001 1/17387
008 981006s1992 eng d
020 |a 0-7914-0971-6 
035 |l 10020538 
040 |a GR-MY-UA  |b gre  |e aacr 
041 0 |a eng 
082 0 |a 370.19 
100 1 |a Stanley, William B. 
245 1 0 |a Curriculum for Utopia :  |b social reconstructionism and critical pedagogy in the postmodern era /  |c William B. Stanley 
260 |a New York :   |b State University of New York Press,   |c c1992 
300 |a 266 p. 
490 1 |a SUNY series in teacher empowerment and school reform 
504 |a Includes bibliographical references and index 
650 0 0 |a Educational sociology  |z United States. 
650 0 0 |a Education  |z United States  |x Philosophy. 
650 0 0 |a Curriculum change  |z United States. 
650 0 0 |a Educational change  |z United States. 
830 0 |a SUNY series in teacher empowerment and school reform 
852 |a INST  |b LESVOS  |e 19981006  |h 370.19 STA  |p 005100018579  |q 005100018579  |t BK  |y 0 
901 |a BIBL-1999-1 
909 |a Λ  |b 059255 
922 |a 1ΕΛΗ  |b 199809  |c ΚΠΣ/ΤΠ  |d ΠΑΠΑΣΩΤΗΡΙΟΥ 
950 |a 107-1998-05-21